000 00325nam a2200133Ia 4500
008 191201s2012 xx 000 0 und d
100 _aPUNMIA, BC and others
245 0 _aMechanics of Materials
250 _arEP
260 _aN. delhi
_bLaxmi Publications
_c2012
300 _a952
650 _aB.Tech(ME)
942 _2ddc
_cBK
999 _c5616
_d5616